000
00303nam a2200109Ia 4500
008
200302s9999 xx 000 0 und d
100
_a
S. C. Bhatt ed.
245
_a
The Encyclopaedic District Gazetteers of India Western Zone Vol 7
260
_b
Gyan Publishing House
260
_c
1998
300
_a
616 P.,
999
_c
2131
_d
2131